|
|
|
|
| LEADER |
00000nam a2200000 a 4500 |
| 001 |
vtls008343024 |
| 003 |
SK-MaSNL |
| 005 |
20260302041423.0 |
| 008 |
181127s1959 xo 000 slo |
| 015 |
|
|
|a SKSNBA1959/07-01112
|
| 035 |
|
|
|a SK01SNK19590035241
|
| 035 |
|
|
|a SKM000037704
|
| 040 |
|
|
|a SNK
|b slo
|c SNK
|e AACR2
|
| 041 |
1 |
|
|a slo
|
| 044 |
|
|
|a xo
|c SK
|
| 072 |
|
7 |
|a 677
|x Textilný priemysel
|2 konspekt
|
| 080 |
|
|
|a 677.1/.5
|2 2011
|
| 080 |
|
|
|a 677.494
|2 2001
|
| 080 |
|
|
|a (035)
|2 2011
|
| 100 |
1 |
|
|a Wiesner, Emil
|4 aut
|9 692952
|
| 245 |
1 |
0 |
|a Akrylové vlákna
|c Emil Wiesner
|
| 260 |
|
|
|a Bratislava
|b Slovenské vydavateľstvo technickej literatúry
|c 1959
|e Brno
|f Tisk
|
| 300 |
|
|
|a 202, [1] s.
|c 8°
|
| 490 |
1 |
|
|a Edícia chemickej literatúry
|
| 500 |
|
|
|a Ilustr. Pozn. Lit. Tab. Reg.
|
| 563 |
|
|
|a 1200 výtl.
|
| 650 |
0 |
7 |
|a textilné vlákna
|2 SNKPH
|9 51344
|
| 650 |
0 |
7 |
|a syntetické vlákna
|2 SNKPH
|9 49721
|
| 650 |
0 |
7 |
|a Textile fibres
|2 SNKPHeng
|9 355062
|
| 650 |
0 |
7 |
|a Synthetic fibres
|2 SNKPHeng
|9 320989
|
| 655 |
|
7 |
|a príručky
|2 SNKPH
|9 74364
|
| 655 |
|
7 |
|a Handbooks, manuals, etc.
|2 SNKPHeng
|9 90964
|
| 830 |
|
0 |
|a Edícia chemickej literatúry
|9 276844
|
| 852 |
|
|
|a Slovenská národná knižnica v Martine
|b 10000
|h SD 17558
|
| 852 |
|
|
|a Slovenská národná knižnica v Martine
|b 10000
|h SD 17558 D1
|
| 852 |
|
|
|a Štátna vedecká knižnica v Banskej Bystrici
|
| 919 |
|
|
|a viaz.
|
| 958 |
|
|
|a OND
|
| 958 |
|
|
|a TL
|
| 958 |
|
|
|a RK
|
| 958 |
|
|
|a NB
|
| 999 |
|
|
|c 1078747
|d 1080677
|
| 952 |
|
|
|a SNK
|b SNK
|y PREZ
|7 0
|p 17A0621492
|o snkSD 17558
|i snkKSP 2739/59
|0 0
|1 0
|4 0
|d 2009-06-20
|l 0
|r 2025-12-02 00:00:00
|w 2026-02-24
|